Touch Typing - Statistics

General Stats
  • This quiz has been taken 398 times
  • The average score is 15 of 15
Answer Stats
Word Type % Correct
same same
100%
the the
100%
change change
98%
along along
97%
answer answer
97%
being being
97%
its its
97%
small small
97%
they they
97%
took took
97%
walk walk
97%
quick quick
96%
take take
96%
both both
95%
mountain mountain
95%
No matching quizzes found
Score Distribution
Percent of People with Each Score
Percentile by Number Answered
Your Score History
You have not taken this quiz